header

Restoring degraded landscapes with native species in Latin America (Record no. 170339)

MARC details
000 -LEADER
fixed length control field 01407nam a2200337Ia 4500
245 00 - TITLE STATEMENT
Title Restoring degraded landscapes with native species in Latin America
260 ## - PUBLICATION, DISTRIBUTION, ETC. (IMPRINT)
Place of publication Hauppauge, NY :
Name of publisher Nova Science,
Year of publication c2010.
300 ## - PHYSICAL DESCRIPTION
Number of Pages vi, 244 p. :
Other physical details ill., maps.
490 0# - SERIES STATEMENT
Series statement Environmental remediation technologies, regulations and safety
650 #0 - SUBJECT ADDED ENTRY--TOPICAL TERM
Topical Term Forest restoration
Topical Term Reforestation
700 1# - ADDED ENTRY--PERSONAL NAME
Personal name Montagnini, Florencia,
Personal name Finney, Christopher.
856 40 - ELECTRONIC LOCATION AND ACCESS
Uniform Resource Identifier http://site.ebrary.com/lib/rucke/Doc?id=10661575

No items available.

© 2026 Rongo University
Contact us: librarian | system librarian | Rongo university